[Event "Thüringenliga 2013/2014"]
[Site "?"]
[Date "2013.12.08"]
[Round "4"]
[White "Fuhrmann, Christian"]
[Black "Kirschbaum, Gunnar"]
[Result "0-1"]
[WhiteElo "1798"]
[BlackElo "2069"]
[PlyCount "102"]
[EventDate "2013.??.??"]
[WhiteTeam "SC Suhl"]
[BlackTeam "SV Medizin Erfurt"]

1. d4 Nf6 2. c4 g6 3. Nc3 Bg7 4. e4 d6 5. f3 O-O 6. Be3 b6 7. Qd2 e6 8. Rd1 Qe7
9. Bd3 Bb7 10. Nge2 Nbd7 11. O-O a6 12. b3 c5 13. d5 exd5 14. cxd5 b5 15. Rc1
Rfe8 16. Bg5 Qf8 17. Ng3 h6 18. Be3 Kh7 19. h3 Nxd5 20. Nxd5 Bxd5 21. Bb1 Bc6
22. Kh1 Qe7 23. Rce1 a5 24. f4 b4 25. f5 Bc3 26. Qf2 Bxe1 27. Rxe1 Ne5 28. f6
Qf8 29. Qf4 Re6 30. h4 Nd7 31. h5 Rxf6 32. Qh4 Qe7 33. hxg6+ Kg8 34. Qxh6 Rxg6
35. Qh3 Qf6 36. e5 Nxe5 37. Bxg6 fxg6 38. Rf1 Qh8 39. Qxh8+ Kxh8 40. Rf6 Rd8
41. Bf4 Nd3 42. Rxd6 Bxg2+ 43. Kg1 Rxd6 44. Bxd6 Bd5 45. Bc7 a4 46. bxa4 c4 47.
Nf1 c3 48. Ne3 Bxa2 49. Ba5 Bb1 50. Kf1 c2 51. Nxc2 Bxc2 0-1

[Event "Thüringenliga 2013/2014"]
[Site "?"]
[Date "2013.12.08"]
[Round "4"]
[White "Nguyen, Huy Dat"]
[Black "Will, Ralph"]
[Result "1/2-1/2"]
[WhiteElo "1955"]
[BlackElo "1757"]
[PlyCount "79"]
[EventDate "2013.??.??"]
[WhiteTeam "SV Medizin Erfurt"]
[BlackTeam "SC Suhl"]

1. e4 c5 2. Nf3 Nc6 3. Bb5 g6 4. Bxc6 bxc6 5. O-O Bg7 6. Nc3 e5 7. b3 Ne7 8. d3
O-O 9. Be3 d6 10. Qc1 f5 11. Bh6 f4 12. Bxg7 Kxg7 13. Nd2 g5 14. f3 h5 15. Qb2
Ng6 16. Na4 Qe7 17. c3 Ba6 18. Rf2 Bb5 19. d4 Rab8 20. dxc5 Bxa4 21. c4 d5 22.
Qa3 Bb5 23. cxb5 Rxb5 24. Rc1 Rfb8 25. exd5 cxd5 26. Nb1 e4 27. fxe4 dxe4 28.
c6 e3 29. Rfc2 Qc7 30. Nc3 Re5 31. Ne2 Rd8 32. Qb4 Red5 33. Qe1 Ne5 34. Qf1 Ng4
35. Nc3 Rd2 36. Qf3 Qb6 37. Kh1 Nf2+ 38. Kg1 Ng4 39. Kh1 Nf2+ 40. Kg1 1/2-1/2

[Event "Thüringenliga 2013/2014"]
[Site "?"]
[Date "2013.12.08"]
[Round "4"]
[White "Müller, Bernd"]
[Black "Reichel, Norbert"]
[Result "0-1"]
[WhiteElo "1721"]
[BlackElo "2053"]
[PlyCount "104"]
[EventDate "2013.??.??"]
[WhiteTeam "SC Suhl"]
[BlackTeam "SV Medizin Erfurt"]

1. e4 c5 2. Nf3 Nc6 3. d4 cxd4 4. Nxd4 g6 5. Bc4 Bg7 6. Be3 Qa5+ 7. c3 Nf6 8.
Nd2 O-O 9. O-O d6 10. f3 Bd7 11. Bb3 b5 12. Qe2 a6 13. Qf2 Qc7 14. Qh4 Rfe8 15.
Rae1 Na5 16. Bc2 Nc4 17. Nxc4 bxc4 18. f4 Qa5 19. a3 Ng4 20. Bc1 Bf6 21. Qg3
Qc5 22. f5 Ne5 23. Be3 Qa5 24. fxg6 hxg6 25. Nf5 Nd3 26. Nh6+ Kg7 27. Bxd3 cxd3
28. Nf5+ Bxf5 29. exf5 Rab8 30. Rb1 Rb3 31. fxg6 fxg6 32. Qh3 Rh8 33. Qe6 Qe5
34. Qxe5 Bxe5 35. Bf4 Bf6 36. Rfd1 Rhb8 37. Rxd3 Bxc3 38. Bd2 Bxd2 39. Rxd2
R8b6 40. Kf2 Kf6 41. Ke2 e5 42. Kd1 Rxa3 43. bxa3 Rxb1+ 44. Kc2 Rb6 45. Kc3 Ke6
46. Rd3 d5 47. Rg3 d4+ 48. Kc4 Rc6+ 49. Kb4 Kf5 50. Rf3+ Ke4 51. Rf1 d3 52.
Re1+ Kd4 0-1

[Event "Thüringenliga 2013/2014"]
[Site "?"]
[Date "2013.12.08"]
[Round "4"]
[White "Müller-Ludwig, Kristin"]
[Black "v.d. Weth-v. Nordheim, Petra"]
[Result "1-0"]
[WhiteElo "2059"]
[BlackElo "1831"]
[PlyCount "49"]
[EventDate "2013.??.??"]
[WhiteTeam "SV Medizin Erfurt"]
[BlackTeam "SC Suhl"]

1. e4 c5 2. Nf3 Nc6 3. d4 cxd4 4. Nxd4 a6 5. c4 g6 6. Nc3 Bg7 7. Be3 d6 8. Qd2
Nf6 9. f3 h5 10. Be2 Bd7 11. O-O h4 12. Rfd1 Qa5 13. Rac1 Nxd4 14. Bxd4 Rd8 15.
Rc2 h3 16. g3 Bh6 17. Qe1 Bg7 18. Qf2 Qh5 19. Nd5 Be6 20. Nxf6+ Bxf6 21. Bxf6
exf6 22. Rcd2 Ke7 23. b4 Rd7 24. c5 d5 25. f4 1-0

[Event "Thüringenliga 2013/2014"]
[Site "?"]
[Date "2013.12.08"]
[Round "4"]
[White "Eichelmann, Andre"]
[Black "Jakob, Matthias"]
[Result "0-1"]
[WhiteElo "1915"]
[BlackElo "1908"]
[PlyCount "78"]
[EventDate "2013.??.??"]
[WhiteTeam "SC Suhl"]
[BlackTeam "SV Medizin Erfurt"]

1. d4 d5 2. c4 Nc6 3. Nc3 dxc4 4. Nf3 Bg4 5. e3 e5 6. d5 Nb8 7. Bxc4 Bd6 8. e4
Nf6 9. Be2 Nbd7 10. a3 O-O 11. O-O Re8 12. Qc2 Nf8 13. Be3 Ng6 14. h3 Bd7 15.
Nd2 Qe7 16. b4 a6 17. Nb3 Nf4 18. Bxf4 exf4 19. Bf3 g5 20. Nd4 h5 21. Nf5 Bxf5
22. exf5 g4 23. hxg4 hxg4 24. Be2 f3 25. Bd3 Qf8 26. Qd2 Qg7 27. g3 Nh7 28.
Rfe1 Be5 29. Rac1 Ng5 30. Bf1 Qh6 31. Ne4 Nh3+ 32. Kh2 Qh8 33. Rc4 Nxf2+ 34.
Kg1 Nh3+ 35. Bxh3 Qxh3 36. f6 Qh5 37. Nf2 Bxg3 38. Rxg4+ Qxg4 39. Nxg4 Rxe1+
0-1

[Event "Thüringenliga 2013/2014"]
[Site "?"]
[Date "2013.12.08"]
[Round "4"]
[White "Pähtz, Thomas"]
[Black "Siebarth, Raiko"]
[Result "1-0"]
[WhiteElo "2277"]
[BlackElo "2249"]
[PlyCount "87"]
[EventDate "2013.??.??"]
[WhiteTeam "Ilmenauer SV"]
[BlackTeam "SG Blau-Weiß Stadtilm"]

1. d4 Nf6 2. c4 g6 3. Nf3 Bg7 4. g3 O-O 5. Bg2 d6 6. Nc3 Nc6 7. O-O a6 8. b3
Bg4 9. Bb2 Nd7 10. d5 Bxf3 11. Bxf3 Na5 12. Bg2 c5 13. dxc6 Nxc6 14. Qd2 Nf6
15. Rfd1 Qb6 16. h3 h5 17. e3 Rfd8 18. Qe2 e6 19. Rd2 Rd7 20. Rad1 Rad8 21. Qd3
Qa5 22. Qb1 Ne7 23. Qa1 Ne8 24. Ne4 Bxb2 25. Qxb2 b5 26. c5 d5 27. b4 Qc7 28.
Ng5 Nc6 29. Nf3 Ng7 30. a3 e5 31. Ng5 Ne7 32. Qa2 e4 33. h4 Ngf5 34. Bxe4 Nxe3
35. fxe3 Qxg3+ 36. Rg2 Qxe3+ 37. Kh1 Qf4 38. Rf1 Qxh4+ 39. Kg1 Nc6 40. Bb1 Qd4+
41. Qf2 Re8 42. Qxd4 Nxd4 43. Nxf7 Ne2+ 44. Kh2 1-0

[Event "Thüringenliga 2013/2014"]
[Site "?"]
[Date "2013.12.08"]
[Round "4"]
[White "Schneider, Christian"]
[Black "Zehnter, Sebastian"]
[Result "1-0"]
[WhiteElo "2179"]
[BlackElo "2199"]
[PlyCount "53"]
[EventDate "2013.??.??"]
[WhiteTeam "SG Blau-Weiß Stadtilm"]
[BlackTeam "Ilmenauer SV"]

1. c4 b6 2. Nc3 Bb7 3. Nf3 e6 4. d4 Bb4 5. Bd2 Nf6 6. e3 O-O 7. Be2 Bxc3 8.
Bxc3 Ne4 9. Rc1 d6 10. O-O f5 11. Ne1 Qg5 12. Bd2 Nd7 13. f3 Nef6 14. Nd3 e5
15. c5 dxc5 16. e4 Qg6 17. dxe5 Nh5 18. f4 Bxe4 19. Ne1 Nxf4 20. Bxf4 Rfd8 21.
Qb3+ Kh8 22. Nf3 Nf8 23. Ng5 h6 24. Nxe4 fxe4 25. Bc4 c6 26. Bf7 Qg4 27. Qg3
1-0

[Event "Thüringenliga 2013/2014"]
[Site "?"]
[Date "2013.12.08"]
[Round "4"]
[White "Mehlhorn, Uwe"]
[Black "Siebarth, Marco"]
[Result "1-0"]
[WhiteElo "2089"]
[BlackElo "1977"]
[PlyCount "73"]
[EventDate "2013.??.??"]
[WhiteTeam "Ilmenauer SV"]
[BlackTeam "SG Blau-Weiß Stadtilm"]

1. d4 d5 2. Nf3 Nf6 3. e3 c6 4. Bd3 e6 5. O-O Nbd7 6. Nbd2 Bd6 7. e4 dxe4 8.
Nxe4 Nxe4 9. Bxe4 Nf6 10. Bd3 O-O 11. Bg5 h6 12. Bh4 Be7 13. c3 b6 14. Qe2 Bb7
15. Rad1 Qd5 16. Rfe1 Qh5 17. Qe5 Qxe5 18. dxe5 Nd5 19. c4 Bxh4 20. cxd5 Be7
21. dxe6 fxe6 22. Bc4 Bc8 23. Nd4 Bc5 24. Re2 Bxd4 25. Rxd4 b5 26. Bb3 c5 27.
Rd6 c4 28. Bc2 Kf7 29. Red2 Ke7 30. g3 a5 31. Rb6 Bd7 32. Rb7 Rfd8 33. a4 b4
34. Rc7 Rac8 35. Rdxd7+ Rxd7 36. Rxc8 b3 37. Bg6 1-0

[Event "Thüringenliga 2013/2014"]
[Site "?"]
[Date "2013.12.08"]
[Round "4"]
[White "George, Tom"]
[Black "Sukaylo, Aleksey"]
[Result "1-0"]
[WhiteElo "1831"]
[BlackElo "2006"]
[PlyCount "69"]
[EventDate "2013.??.??"]
[WhiteTeam "SG Blau-Weiß Stadtilm"]
[BlackTeam "Ilmenauer SV"]

1. c4 Nf6 2. g3 c6 3. Nc3 d5 4. cxd5 cxd5 5. Bg2 Nc6 6. Qa4 e6 7. Nf3 Bd6 8.
O-O O-O 9. Nb5 Bb8 10. b3 a6 11. Ba3 axb5 12. Qxa8 Nd7 13. Bxf8 Qxf8 14. b4 Ba7
15. a4 Nb6 16. axb5 Nxa8 17. bxc6 bxc6 18. Rxa7 Nb6 19. Ne5 Qd6 20. Nxf7 Qb8
21. Rfa1 h6 22. d4 Bb7 23. Nd8 Qxd8 24. Rxb7 Nc4 25. Raa7 Qg5 26. Bh3 Na3 27.
Bxe6+ Kh8 28. Ra8+ Kh7 29. Rf8 Qc1+ 30. Kg2 Kg6 31. Rff7 Nc2 32. Bf5+ Kh5 33.
Rxg7 Ne1+ 34. Kh3 Nd3 35. g4# 1-0

[Event "Thüringenliga 2013/2014"]
[Site "?"]
[Date "2013.12.08"]
[Round "4"]
[White "Rempel, Patrick"]
[Black "Berner, Stephan"]
[Result "1/2-1/2"]
[WhiteElo "2035"]
[BlackElo "1875"]
[PlyCount "98"]
[EventDate "2013.??.??"]
[WhiteTeam "Ilmenauer SV"]
[BlackTeam "SG Blau-Weiß Stadtilm"]

1. Nf3 Nf6 2. g3 d5 3. Bg2 Bf5 4. c4 c6 5. b3 e6 6. Bb2 Be7 7. O-O h6 8. d4
Nbd7 9. Nbd2 O-O 10. Ne5 a5 11. a3 Qb6 12. Nxd7 Nxd7 13. e4 dxe4 14. Nxe4 Nf6
15. Nc3 Rfd8 16. Na4 Qc7 17. Re1 Rac8 18. Qe2 b6 19. h3 Qb8 20. Rad1 b5 21. Nc5
Qb6 22. g4 Bg6 23. Nxe6 fxe6 24. Qxe6+ Bf7 25. Qxe7 bxc4 26. b4 axb4 27. axb4
Nd5 28. Bxd5 cxd5 29. Bc3 Re8 30. Qh4 Qd6 31. Re5 Qg6 32. Qg3 Qc6 33. Rde1 Qd7
34. Kh2 Bg6 35. Qe3 Kf8 36. Qf3+ Bf7 37. Qe3 Bg6 38. Ra1 Ra8 39. Ra5 Rxa5 40.
bxa5 Bf7 41. Bb4+ Kg8 42. Rxe8+ Qxe8 43. Qxe8+ Bxe8 44. Kg3 Kf7 45. Kf4 Kf6 46.
h4 h5 47. a6 hxg4 48. Kxg4 Bd7+ 49. Kf4 g6 1/2-1/2

[Event "Thüringenliga 2013/2014"]
[Site "?"]
[Date "2013.12.08"]
[Round "4"]
[White "Kinzel, Tiffany"]
[Black "Töpfer, Albrecht"]
[Result "0-1"]
[WhiteElo "1827"]
[BlackElo "1949"]
[PlyCount "90"]
[EventDate "2013.??.??"]
[WhiteTeam "SG Blau-Weiß Stadtilm"]
[BlackTeam "Ilmenauer SV"]

1. d4 Nf6 2. e3 g6 3. Bd3 Bg7 4. Nd2 d6 5. f4 O-O 6. Ngf3 Nc6 7. c3 e5 8. O-O
Re8 9. Qc2 Nd5 10. Nb3 a5 11. Bd2 a4 12. Nc1 exd4 13. exd4 Nce7 14. c4 Nf6 15.
h3 Nf5 16. Ne2 Qe7 17. Rfe1 Ne3 18. Qc1 Nf5 19. Ng3 Qd8 20. Nxf5 Bxf5 21. Qc2
Bxd3 22. Qxd3 Qd7 23. d5 c5 24. dxc6 Qxc6 25. Nd4 Qb6 26. Bc3 Nh5 27. Qd2 Ng3
28. Qd3 Nf5 29. Red1 Re3 30. Qd2 Re4 31. Qf2 Nxd4 32. Rd2 Ra6 33. Rad1 Nf5 34.
c5 Qxc5 35. Qxc5 dxc5 36. Rd8+ Bf8 37. Rb8 Rd6 38. Rxd6 Nxd6 39. Rd8 Re8 40.
Rd7 b5 41. a3 Ne4 42. Rb7 Nxc3 43. bxc3 b4 44. cxb4 cxb4 45. axb4 Ra8 0-1

[Event "Thüringenliga 2013/2014"]
[Site "?"]
[Date "2013.12.08"]
[Round "4"]
[White "Falk, Kristoffer"]
[Black "Schröter, Maik"]
[Result "1-0"]
[WhiteElo "1864"]
[BlackElo "1775"]
[PlyCount "59"]
[EventDate "2013.??.??"]
[WhiteTeam "Ilmenauer SV"]
[BlackTeam "SG Blau-Weiß Stadtilm"]

1. d4 Nf6 2. Nf3 e6 3. g3 b6 4. c4 Bb4+ 5. Bd2 Bxd2+ 6. Nbxd2 Bb7 7. Qc2 d6 8.
Rd1 Qe7 9. Bg2 O-O 10. O-O Nbd7 11. e4 e5 12. Rfe1 g6 13. Nb1 Bxe4 14. Rxe4
Nxe4 15. Qxe4 Nf6 16. Qc2 Rae8 17. Nc3 c6 18. dxe5 dxe5 19. Nd2 Qc7 20. b4 a6
21. Qa4 e4 22. Ndxe4 Nxe4 23. Nxe4 f5 24. Nd6 Rd8 25. Qxc6 Rxd6 26. Qxc7 Rxd1+
27. Bf1 Re8 28. c5 bxc5 29. Kg2 Ree1 30. Bc4+ 1-0

[Event "Thüringenliga 2013/2014"]
[Site "?"]
[Date "2013.12.08"]
[Round "4"]
[White "Werner, Justus"]
[Black "Leuner, Klaus"]
[Result "0-1"]
[WhiteElo "1817"]
[BlackElo "1875"]
[PlyCount "74"]
[EventDate "2013.??.??"]
[WhiteTeam "SG Blau-Weiß Stadtilm"]
[BlackTeam "Ilmenauer SV"]

1. c4 c6 2. g3 Nf6 3. Bg2 g6 4. Nf3 Bg7 5. O-O O-O 6. Nc3 d6 7. d4 Nbd7 8. e4
e5 9. d5 cxd5 10. Nxd5 Nxe4 11. Nxe5 Nxf2 12. Nxg6 fxg6 13. Rxf2 Rxf2 14. Kxf2
Ne5 15. Bf4 Bf5 16. Bxe5 Bxe5 17. Qd2 Qf8 18. Kg1 Qg7 19. Re1 Rf8 20. Qg5 Kh8
21. b3 Re8 22. Kh1 h6 23. Qe3 b6 24. Rf1 Kh7 25. g4 Bd7 26. g5 hxg5 27. Qxg5
Bf5 28. Re1 Rf8 29. Nf4 Qh6 30. Qe7+ Kh8 31. Rf1 Rg8 32. Bd5 Bxf4 33. Qf6+ Rg7
34. h4 Be5 35. Qf8+ Kh7 36. Kg1 Qxh4 37. Rxf5 Qg4+ 0-1

[Event "Thüringenliga 2013/2014"]
[Site "?"]
[Date "2013.12.08"]
[Round "4"]
[White "Darr, Sascha"]
[Black "Neidig, Stefan"]
[Result "1/2-1/2"]
[WhiteElo "2077"]
[BlackElo "2169"]
[PlyCount "24"]
[EventDate "2013.??.??"]
[WhiteTeam "SV Jenapharm Jena"]
[BlackTeam "TSG Apolda"]

1. Nf3 e6 2. d4 c5 3. e4 cxd4 4. Nxd4 Nf6 5. Nc3 Nc6 6. Ndb5 d6 7. Bf4 e5 8.
Bg5 a6 9. Na3 b5 10. Nd5 Qa5+ 11. Bd2 Qd8 12. Bg5 Qa5+ 1/2-1/2

[Event "Thüringenliga 2013/2014"]
[Site "?"]
[Date "2013.12.08"]
[Round "4"]
[White "Goemann, Jens"]
[Black "Middelhoff, Cornelius"]
[Result "1/2-1/2"]
[WhiteElo "2078"]
[BlackElo "2052"]
[PlyCount "33"]
[EventDate "2013.??.??"]
[WhiteTeam "TSG Apolda"]
[BlackTeam "SV Jenapharm Jena"]

1. Nf3 Nf6 2. g3 b6 3. Bg2 Bb7 4. O-O e6 5. c4 Be7 6. b3 O-O 7. Bb2 c5 8. e3
Nc6 9. Qe2 d5 10. d3 Qc7 11. Nc3 dxc4 12. bxc4 Rac8 13. Rfd1 Rfe8 14. Rab1 Qb8
15. Ba1 Qa8 16. Nb5 Nd7 17. h4 1/2-1/2

[Event "Thüringenliga 2013/2014"]
[Site "?"]
[Date "2013.12.08"]
[Round "4"]
[White "Zipfel, Frank"]
[Black "Maiwald, Harald"]
[Result "0-1"]
[WhiteElo "2034"]
[BlackElo "2028"]
[PlyCount "94"]
[EventDate "2013.??.??"]
[WhiteTeam "SV Jenapharm Jena"]
[BlackTeam "TSG Apolda"]

1. e4 c5 2. Nf3 Nc6 3. d4 cxd4 4. Nxd4 Qb6 5. Nb3 Nf6 6. Nc3 e6 7. Be3 Qc7 8.
g3 Bb4 9. Bg2 d5 10. O-O dxe4 11. Nxe4 Nxe4 12. Bxe4 O-O 13. c3 Be7 14. Nd4
Nxd4 15. Bxd4 e5 16. Be3 Be6 17. Qa4 Bd7 18. Qc2 g6 19. Rfd1 Bc6 20. Rd2 Rfd8
21. Rad1 Rxd2 22. Rxd2 Rc8 23. Bxc6 Qxc6 24. Qd1 Bc5 25. Bxc5 Qxc5 26. Qb3 Qc6
27. Qd5 e4 28. Rd4 Qxd5 29. Rxd5 Rc7 30. Kf1 f5 31. Ke2 Kf7 32. Ke3 Ke6 33. Kd4
Rc6 34. c4 Rb6 35. b3 Ra6 36. a4 Rb6 37. Kc3 Rd6 38. Rxd6+ Kxd6 39. b4 a5 40.
bxa5 Kc5 41. h4 h6 42. Kb3 g5 43. hxg5 hxg5 44. Kc3 f4 45. gxf4 gxf4 46. a6
bxa6 47. a5 f3 0-1

[Event "Thüringenliga 2013/2014"]
[Site "?"]
[Date "2013.12.08"]
[Round "4"]
[White "August, Daniel"]
[Black "Steiger, Jürgen"]
[Result "1-0"]
[WhiteElo "1940"]
[BlackElo "1974"]
[PlyCount "43"]
[EventDate "2013.??.??"]
[WhiteTeam "SV Jenapharm Jena"]
[BlackTeam "TSG Apolda"]

1. c4 d6 2. g3 Nf6 3. Bg2 g6 4. d4 Bg7 5. Nf3 O-O 6. O-O c6 7. Nc3 d5 8. cxd5
cxd5 9. Ne5 b6 10. Qb3 Bb7 11. Rd1 e6 12. Bf4 Nc6 13. Rac1 Rc8 14. Nb5 Na5 15.
Qb4 Rxc1 16. Rxc1 Qa8 17. Bg5 Rc8 18. Rxc8+ Qxc8 19. Qe7 Ne8 20. Qxf7+ Kh8 21.
Nxa7 Qb8 22. Qxe6 1-0

[Event "Thüringenliga 2013/2014"]
[Site "?"]
[Date "2013.12.08"]
[Round "4"]
[White "Carnot, Luca"]
[Black "Wolf, Isaak"]
[Result "0-1"]
[WhiteElo "1537"]
[BlackElo "1968"]
[PlyCount "146"]
[EventDate "2013.??.??"]
[WhiteTeam "TSG Apolda"]
[BlackTeam "SV Jenapharm Jena"]

1. Nf3 d5 2. g3 Nc6 3. Bg2 e5 4. d3 Bc5 5. b3 Bb6 6. Bb2 Qe7 7. Nbd2 f5 8. e4
fxe4 9. dxe4 d4 10. h3 Nf6 11. Qe2 Bd7 12. O-O g5 13. Nh2 a6 14. a4 Qg7 15. Ba3
Qh6 16. g4 Ba5 17. Nc4 Bc3 18. Rab1 a5 19. Nb2 Qg7 20. Nd1 Bb4 21. Bxb4 axb4
22. f3 h5 23. Nf2 Qe7 24. Qd2 Rg8 25. Ra1 Na5 26. Nd3 c5 27. Nb2 b6 28. Qe2 Be6
29. Rf2 Kf7 30. Qb5 Nd7 31. Qe2 Nf8 32. Nf1 Ng6 33. Nd2 Nf4 34. Qf1 Bc8 35. Qe1
Ba6 36. Bf1 Rh8 37. Nd3 Bxd3 38. cxd3 Kg7 39. Rh2 Qe6 40. Rb1 Rh6 41. Qg3 Rah8
42. Rb2 hxg4 43. fxg4 Kf8 44. Nf3 Rg8 45. Nd2 Ke7 46. Kh1 Kd6 47. Kg1 Qf7 48.
Kh1 Rgh8 49. Nf3 Qg8 50. Nd2 Qh7 51. Nf3 Qg8 52. Nd2 Qf7 53. Kg1 R8h7 54. Nf3
Qg8 55. Rb1 Nxb3 56. Nxg5 Qxg5 57. Rxb3 Nxh3+ 58. Rxh3 Rxh3 59. Bxh3 Qc1+ 60.
Bf1 Qc2 61. g5 Qxb3 62. g6 Rg7 63. Qg5 Qg8 64. Qf6+ Kc7 65. Qxe5+ Kb7 66. Kf2
Rxg6 67. Qe7+ Ka6 68. Qd7 Rg7 69. Qb5+ Ka7 70. a5 Qa2+ 71. Kf3 Rf7+ 72. Kg3
Qf2+ 73. Kg4 Qg1+ 0-1

[Event "Thüringenliga 2013/2014"]
[Site "?"]
[Date "2013.12.08"]
[Round "4"]
[White "Wicklein, Stefan"]
[Black "Krug, Klaus-Peter"]
[Result "1/2-1/2"]
[WhiteElo "1964"]
[BlackElo "1832"]
[PlyCount "67"]
[EventDate "2013.??.??"]
[WhiteTeam "SV Jenapharm Jena"]
[BlackTeam "TSG Apolda"]

1. Nf3 Nf6 2. g3 g6 3. Bg2 Bg7 4. c4 d6 5. Nc3 O-O 6. O-O Nc6 7. Rb1 e5 8. d3
h6 9. b4 Nd4 10. Nxd4 exd4 11. Nb5 Ne8 12. e3 dxe3 13. Bxe3 c6 14. Nd4 Nc7 15.
Qd2 Kh7 16. h4 d5 17. Rbd1 Ne6 18. Nxe6 Bxe6 19. Bc5 Re8 20. Qf4 b6 21. Be3 Rc8
22. Rfe1 Qd7 23. Bc1 Bg4 24. f3 Rxe1+ 25. Rxe1 Bf5 26. Bf1 Re8 27. Rxe8 Qxe8
28. Qe3 Qe5 29. Qxe5 Bxe5 30. Kf2 Bc3 31. cxd5 cxd5 32. b5 Bd7 33. a4 Be5 34.
f4 1/2-1/2

[Event "Thüringenliga 2013/2014"]
[Site "?"]
[Date "2013.12.08"]
[Round "4"]
[White "Einax, Claus-Dieter"]
[Black "Böhm, Christian"]
[Result "1/2-1/2"]
[WhiteElo "1813"]
[BlackElo "1853"]
[PlyCount "41"]
[EventDate "2013.??.??"]
[WhiteTeam "TSG Apolda"]
[BlackTeam "SV Jenapharm Jena"]

1. e4 d6 2. d4 Nf6 3. Nc3 c6 4. Nf3 Bg4 5. Be2 e6 6. O-O Be7 7. h3 Bh5 8. Bg5
O-O 9. Qd2 d5 10. e5 Nfd7 11. Bxe7 Qxe7 12. Nh2 Bxe2 13. Nxe2 c5 14. f4 cxd4
15. Nxd4 Nc6 16. c3 Nc5 17. Ng4 Ne4 18. Qe3 Rfd8 19. Nf2 Nxf2 20. Rxf2 Qc5 21.
Rd1 1/2-1/2

[Event "Thüringenliga 2013/2014"]
[Site "?"]
[Date "2014.01.12"]
[Round "5"]
[White "Langheinrich, Ferenc"]
[Black "Pähtz, Thomas"]
[Result "1/2-1/2"]
[WhiteElo "2390"]
[BlackElo "2277"]
[PlyCount "20"]
[EventDate "2014.??.??"]
[WhiteTeam "ESV Lok Sömmerda"]
[BlackTeam "Ilmenauer SV"]

1. c4 Nf6 2. Nf3 e6 3. d4 d5 4. g3 Be7 5. Bg2 O-O 6. O-O dxc4 7. Qc2 a6 8. Qxc4
b5 9. Qc2 Bb7 10. Bg5 Nc6 1/2-1/2

[Event "Thüringenliga 2013/2014"]
[Site "?"]
[Date "2014.01.12"]
[Round "5"]
[White "Zehnter, Sebastian"]
[Black "Krüger, Rainer"]
[Result "1-0"]
[WhiteElo "2199"]
[BlackElo "2074"]
[PlyCount "69"]
[EventDate "2014.??.??"]
[WhiteTeam "Ilmenauer SV"]
[BlackTeam "ESV Lok Sömmerda"]

1. e4 c5 2. Nf3 d6 3. d4 cxd4 4. Nxd4 Nf6 5. Nc3 g6 6. g3 Nc6 7. Nde2 Bg7 8.
Bg2 O-O 9. O-O Rb8 10. a4 a6 11. h3 b5 12. axb5 axb5 13. Be3 b4 14. Nd5 e6 15.
Ndf4 Bb7 16. Ra4 Ra8 17. c3 Qd7 18. cxb4 Ne5 19. Rxa8 Rxa8 20. Nc3 Ba6 21. Nfe2
Rb8 22. Qa1 Bxe2 23. Nxe2 Rxb4 24. Rd1 Ne8 25. Bd4 Qb5 26. Rd2 h5 27. Bc3 Ra4
28. Qd1 Qa6 29. Kh2 Nc4 30. Rc2 Bxc3 31. Nxc3 Rb4 32. Qe2 Qb6 33. Nd1 Nf6 34.
Rxc4 Qa6 35. Rc2 1-0

[Event "Thüringenliga 2013/2014"]
[Site "?"]
[Date "2014.01.12"]
[Round "5"]
[White "Wanzek, Daniel"]
[Black "Mehlhorn, Uwe"]
[Result "0-1"]
[WhiteElo "2071"]
[BlackElo "2089"]
[PlyCount "92"]
[EventDate "2014.??.??"]
[WhiteTeam "ESV Lok Sömmerda"]
[BlackTeam "Ilmenauer SV"]

1. e4 d6 2. d4 g6 3. Nc3 Bg7 4. Be3 a6 5. Qd2 Nd7 6. Nf3 Rb8 7. a4 b6 8. Bc4 e6
9. O-O Bb7 10. Rfe1 Ne7 11. Rad1 O-O 12. Bg5 Qe8 13. h3 Kh8 14. Nh2 Ng8 15. f4
c5 16. dxc5 Nxc5 17. Qxd6 Nxa4 18. f5 Nxb2 19. Rd4 exf5 20. Nf3 Qc6 21. Qxc6
Bxc6 22. Bb3 Rbc8 23. Bc1 fxe4 24. Nxe4 Bxd4+ 25. Nxd4 Bxe4 26. Bxb2 Bb7 27.
Ne6+ f6 28. Nxf8 Rxf8 29. Re6 b5 30. Rb6 Bc8 31. g4 h6 32. Bxg8 Kxg8 33. Rxf6
Rxf6 34. Bxf6 Kf7 35. Bc3 Ke6 36. Kf2 Kd5 37. Ke3 Kc4 38. Bg7 a5 39. Bxh6 Kc3
40. Kf4 Bb7 41. Bg7+ Kxc2 42. Ke3 b4 43. h4 b3 44. h5 gxh5 45. gxh5 Bd5 46. Kd4
b2 0-1

[Event "Thüringenliga 2013/2014"]
[Site "?"]
[Date "2014.01.12"]
[Round "5"]
[White "Sukaylo, Aleksey"]
[Black "Siegemund, Joachim"]
[Result "1/2-1/2"]
[WhiteElo "2006"]
[BlackElo "2009"]
[PlyCount "59"]
[EventDate "2014.??.??"]
[WhiteTeam "Ilmenauer SV"]
[BlackTeam "ESV Lok Sömmerda"]

1. e4 e6 2. d4 d5 3. Nc3 Bb4 4. e5 c5 5. a3 Bxc3+ 6. bxc3 Ne7 7. Qg4 O-O 8. Bd3
f5 9. exf6 Rxf6 10. Bg5 Rf7 11. Qh4 h6 12. Bd2 Nbc6 13. Nf3 c4 14. Be2 Qc7 15.
O-O Ng6 16. Qg3 Nf4 17. Bxf4 Qxf4 18. Rfe1 Bd7 19. Nh4 Qxg3 20. hxg3 Rf6 21.
Bh5 Be8 22. Bg4 Bf7 23. Nf3 Re8 24. Ne5 Re7 25. Rab1 Be8 26. Nxc6 Bxc6 27. Re5
b6 28. Rbe1 Kf7 29. f4 Re8 30. Kh2 1/2-1/2

[Event "Thüringenliga 2013/2014"]
[Site "?"]
[Date "2014.01.12"]
[Round "5"]
[White "Kalisch, Michael"]
[Black "Rempel, Patrick"]
[Result "1/2-1/2"]
[WhiteElo "1982"]
[BlackElo "2035"]
[PlyCount "82"]
[EventDate "2014.??.??"]
[WhiteTeam "ESV Lok Sömmerda"]
[BlackTeam "Ilmenauer SV"]

1. e4 e5 2. Bc4 Nf6 3. d3 Nc6 4. Nf3 Be7 5. c3 d6 6. Bb3 Be6 7. Bc2 h6 8. Nbd2
Nh7 9. Nf1 Ng5 10. Ne3 Bf6 11. Qe2 Ne7 12. h4 Nxf3+ 13. Qxf3 Qd7 14. Bd2 d5 15.
Bb3 O-O-O 16. Qe2 Qc6 17. Ng4 Kb8 18. Nxf6 gxf6 19. O-O-O h5 20. Kb1 dxe4 21.
dxe4 Bxb3 22. axb3 Rd7 23. f3 Rhd8 24. Be3 f5 25. exf5 Nxf5 26. Bf2 Rxd1+ 27.
Rxd1 Rxd1+ 28. Qxd1 Nd6 29. g4 hxg4 30. fxg4 b6 31. h5 Ne4 32. Be3 Nxc3+ 33.
bxc3 Qe4+ 34. Kb2 Qxe3 35. Qd8+ Kb7 36. Qd5+ Kb8 37. Qd8+ Kb7 38. Qd5+ Kb8 39.
Qxf7 Qe2+ 40. Ka3 Qa6+ 41. Kb2 Qe2+ 1/2-1/2

[Event "Thüringenliga 2013/2014"]
[Site "?"]
[Date "2014.01.12"]
[Round "5"]
[White "Töpfer, Albrecht"]
[Black "Koksch, Robert"]
[Result "1-0"]
[WhiteElo "1949"]
[BlackElo "1938"]
[PlyCount "27"]
[EventDate "2014.??.??"]
[WhiteTeam "Ilmenauer SV"]
[BlackTeam "ESV Lok Sömmerda"]

1. c4 c6 2. g3 d5 3. Nf3 Nf6 4. Bg2 e6 5. O-O Bd6 6. d4 Nbd7 7. Qc2 O-O 8. Nbd2
Re8 9. e4 dxe4 10. Nxe4 Nxe4 11. Qxe4 Nf6 12. Qc2 Rb8 13. Rd1 Qc7 14. c5 1-0

[Event "Thüringenliga 2013/2014"]
[Site "?"]
[Date "2014.01.12"]
[Round "5"]
[White "Kühn, Martin"]
[Black "Falk, Kristoffer"]
[Result "1-0"]
[WhiteElo "1932"]
[BlackElo "1841"]
[PlyCount "55"]
[EventDate "2014.??.??"]
[WhiteTeam "ESV Lok Sömmerda"]
[BlackTeam "Ilmenauer SV"]

1. d4 e6 2. c4 f5 3. Nf3 Nf6 4. Nc3 Be7 5. Bf4 O-O 6. e3 Ne4 7. h3 Nxc3 8. bxc3
d6 9. Bd3 c5 10. O-O Qe8 11. Qd2 Qf7 12. Bg5 Nc6 13. e4 Bxg5 14. Nxg5 Qf6 15.
d5 exd5 16. cxd5 Ne5 17. Be2 h6 18. Ne6 Bxe6 19. dxe6 Qxe6 20. f4 Nf7 21. exf5
Qxf5 22. Bc4 Qf6 23. Bd5 Rab8 24. Rae1 b5 25. Re6 Qd8 26. Rxd6 Qa5 27. Qd3 Rb6
28. Bxf7+ 1-0